Countries of the International Space Station - Statistics

General Stats
  • This quiz has been taken 40 times
    22 since last reset
  • The average score is 17 of 22
Answer Stats
Country % Correct
Canada
100%
France
95%
Russia
95%
United Kingdom
95%
United States
95%
Italy
90%
Spain
90%
Belgium
85%
Denmark
85%
Germany
85%
Japan
85%
Sweden
85%
Netherlands
80%
Norway
80%
South Korea
80%
Brazil
70%
Switzerland
70%
Israel
50%
Kazakhstan
45%
South Africa
35%
United Arab Emirates
35%
Malaysia
25%
No matching quizzes found
Score Distribution
Percent of People with Each Score
Percentile by Number Answered
Your Score History
You have not taken this quiz since the last reset